000 00965nam a2200277 a 4500
001 BRCA_1422
005 20190320203424.0
008 040504s2004 sp-#---##b---#000-0#spa-d
020 _a8475066380
041 _aspa
_heng
050 4 _aND1312.M4
_b.K38 2004
100 1 _aKatzew, Ilona
_94648
245 1 0 _aLa pintura de castas
_brepresentaciones raciales en el México del siglo XVIII
_cIlona Katzew.
260 _aMadrid
_bTurner
_c2004
300 _a239 p.
_bil. (algunas a color)
_c29 cm.
500 _aIncluye índice alfabético
500 _aTraducción de: Casta Painting :Images of Race in Eighteenth - Century México
504 _aBibliografía: p. 225-235
650 1 4 _aPintura de castas
_94649
650 1 4 _aGente racial mezclada en arte
_94650
650 1 4 _aMestizaje en arte
_94651
650 1 4 _aVida social y costumbres
_94652
651 4 _aMéxico
_xVida social y costumbres
_ySiglo XVIII
_93954
653 0 _aVida cotidiana
942 _2lcc
_cB
999 _c1284
_d1284